[Event "4NCL/Div3/BRI2 vs. NWE2"]
[Site "Coventry ENG"]
[Date "2007.01.14"]
[Round "6.6"]
[White "Spence, David"]
[Black "Chaplin, Peter"]
[Result "1-0"]
[WhiteElo "2166"]
[BlackElo "2049"]
[PlyCount "85"]
[EventDate "2007.01.14"]
[EventType "team"]
[EventRounds "11"]
[EventCountry "ENG"]
[WhiteTeam "N W Eagles 2"]
[BlackTeam "Bristol 2"]

1. e4 c5 2. c3 Qa5 3. Na3 Nf6 4. e5 Nd5 5. Nf3 e6 6. Bc4 Nc6 7. O-O Be7 8. Qe2
a6 9. Qe4 b5 10. Bxd5 exd5 11. Qxd5 Bb7 12. Qe4 Qc7 13. Qe3 O-O 14. d4 cxd4 15.
cxd4 d6 16. b3 dxe5 17. dxe5 Nb4 18. Bb2 Rad8 19. Ne1 Nd5 20. Qg3 Rfe8 21. Nac2
Bf8 22. Rc1 Qa5 23. a3 Re6 24. b4 Qb6 25. Bd4 Qc6 26. f3 Rg6 27. Qf2 Nf4 28.
Kh1 Rxd4 29. Qxd4 Ne2 30. Qd2 Nxc1 31. Qxc1 Qc4 32. Rf2 Be7 33. Qd2 Qh4 34. Nd4
Rh6 35. g3 Qh5 36. Qe3 Rg6 37. Kg2 Bc8 38. Kg1 Bd8 39. Nd3 Bb6 40. Nf4 Qh6 41.
Qe4 f5 42. Qd5+ Be6 43. Nfxe6 1-0

[Event "4NCL/Div3/BRI2 vs. NWE2"]
[Site "Coventry ENG"]
[Date "2007.01.14"]
[Round "6.7"]
[White "Humphreys, Jerry"]
[Black "Savory, Richard"]
[Result "1/2-1/2"]
[WhiteElo "2102"]
[BlackElo "2119"]
[PlyCount "42"]
[EventDate "2007.01.14"]
[EventType "team"]
[EventRounds "11"]
[EventCountry "ENG"]
[WhiteTeam "Bristol 2"]
[BlackTeam "N W Eagles 2"]

1. c4 e5 2. Nc3 Nc6 3. g3 Nge7 4. Bg2 g6 5. e3 Bg7 6. Nge2 d6 7. O-O Be6 8. Nd5
Qd7 9. Rb1 O-O 10. b4 Nd8 11. d4 Nc8 12. Qb3 c6 13. Ndc3 Bh3 14. d5 Bxg2 15.
Kxg2 Ne7 16. e4 cxd5 17. Nxd5 Ne6 18. Be3 Nxd5 19. cxd5 Nd4 20. Qd3 Nxe2 21.
Qxe2 f5 1/2-1/2

[Event "4NCL/Div3/BRI2 vs. NWE2"]
[Site "Coventry ENG"]
[Date "2007.01.14"]
[Round "6.8"]
[White "Morrison, Lynne"]
[Black "Owens, Megan"]
[Result "1-0"]
[WhiteElo "1966"]
[BlackElo "1760"]
[PlyCount "91"]
[EventDate "2007.01.14"]
[EventType "team"]
[EventRounds "11"]
[EventCountry "ENG"]
[WhiteTeam "N W Eagles 2"]
[BlackTeam "Bristol 2"]

1. d4 d5 2. Nf3 Nf6 3. e3 g6 4. Bd3 Bg7 5. Nbd2 O-O 6. O-O Nbd7 7. c3 c5 8. Re1
Re8 9. e4 e5 10. dxe5 Nxe5 11. Nxe5 Rxe5 12. exd5 Rxe1+ 13. Qxe1 Qxd5 14. Bc4
Qd6 15. Nf3 Bg4 16. Ng5 Nd5 17. h3 Bd7 18. Bd2 Re8 19. Qd1 b5 20. Bf1 Bc6 21.
Qc2 Qf6 22. Rd1 c4 23. Nf3 Nc7 24. Bg5 Qe6 25. Nd4 Qe4 26. Qd2 Bd5 27. Nxb5
Nxb5 28. Qxd5 Qxd5 29. Rxd5 Nc7 30. Rd7 Ne6 31. Be3 Rb8 32. Bc1 a6 33. Bxc4 a5
34. Bxe6 fxe6 35. Kf1 Kf8 36. Ke2 h5 37. Kd3 Rc8 38. Bg5 Re8 39. Ra7 Rb8 40.
Kc2 Rb5 41. Be3 Bf6 42. b3 Be7 43. c4 Rf5 44. Rd7 Kf7 45. Kd3 Kf6 46. f3 1-0

[Event "4NCL/Div3/SLOS3 vs. MIN"]
[Site "Coventry ENG"]
[Date "2007.01.14"]
[Round "6.1"]
[White "Linford, Charles"]
[Black "Rizouk, Ryad"]
[Result "0-1"]
[WhiteElo "2142"]
[BlackElo "2359"]
[PlyCount "104"]
[EventDate "2007.01.14"]
[EventType "team"]
[EventRounds "11"]
[EventCountry "ENG"]
[WhiteTeam "Slough Sharks 3"]
[BlackTeam "Mind Sports"]

1. e4 e5 2. Nf3 Nc6 3. d4 exd4 4. Nxd4 Nf6 5. Nxc6 bxc6 6. e5 Nd5 7. c4 Nb6 8.
Nd2 Qg5 9. Nf3 Bb4+ 10. Bd2 Bxd2+ 11. Qxd2 Qg4 12. Qd4 Qxd4 13. Nxd4 O-O 14.
O-O-O f6 15. e6 dxe6 16. Nxc6 Bd7 17. Na5 c5 18. g3 Rac8 19. Bh3 Rc7 20. Rd6
Kf7 21. Rhd1 Rb8 22. R1d2 Ke7 23. Kd1 f5 24. Bg2 Rbc8 25. a3 Be8 26. b3 g5 27.
f4 gxf4 28. gxf4 Bd7 29. Ke1 Rg8 30. Kf1 Rg4 31. R6d3 Rxf4+ 32. Kg1 Rg4 33. Re2
Be8 34. Rh3 Kf6 35. Kf1 Rd7 36. Bc6 Rd1+ 37. Kf2 Bg6 38. Bf3 Rf4 39. Ke3 Rfd4
40. Nc6 R4d3+ 41. Kf2 Rxb3 42. Nxa7 Nxc4 43. Rh4 Rd4 44. Rh3 Ne5 45. Rxe5 Kxe5
46. Nc6+ Kd6 47. Nxd4 cxd4 48. a4 e5 49. Rh4 Rb2+ 50. Kg3 e4 51. Bd1 Rb1 52.
Bc2 Rc1 0-1

[Event "4NCL/Div3/SLOS3 vs. MIN"]
[Site "Coventry ENG"]
[Date "2007.01.14"]
[Round "6.2"]
[White "Hardman, Michael J"]
[Black "Ruston, Mark R"]
[Result "1/2-1/2"]
[WhiteElo "2133"]
[BlackElo "2112"]
[PlyCount "41"]
[EventDate "2007.01.14"]
[EventType "team"]
[EventRounds "11"]
[EventCountry "ENG"]
[WhiteTeam "Mind Sports"]
[BlackTeam "Slough Sharks 3"]

1. d4 e6 2. Nf3 Nf6 3. g3 c5 4. Bg2 d5 5. O-O Nc6 6. c4 dxc4 7. Qa4 Bd7 8. Qxc4
b5 9. Qd3 c4 10. Qd1 Rc8 11. b3 cxb3 12. axb3 Qb6 13. Bb2 Be7 14. e4 O-O 15.
Qe2 Na5 16. Qd3 b4 17. Re1 Bb5 18. Qd1 Rc7 19. Nbd2 Rfc8 20. Qb1 Nb7 21. Ne5
1/2-1/2

[Event "4NCL/Div3/SLOS3 vs. MIN"]
[Site "Coventry ENG"]
[Date "2007.01.14"]
[Round "6.3"]
[White "Muter, Donny"]
[Black "Almond, Richard"]
[Result "1-0"]
[WhiteElo "2162"]
[BlackElo "2109"]
[PlyCount "71"]
[EventDate "2007.01.14"]
[EventType "team"]
[EventRounds "11"]
[EventCountry "ENG"]
[WhiteTeam "Slough Sharks 3"]
[BlackTeam "Mind Sports"]

1. d4 d5 2. Nf3 Nf6 3. c4 e6 4. Nc3 Be7 5. Bg5 O-O 6. Qc2 c5 7. dxc5 dxc4 8. e3
Qa5 9. Bxc4 h6 10. Bh4 Qxc5 11. Qe2 Nc6 12. O-O e5 13. Rac1 Qa5 14. h3 a6 15.
Bb3 Bd7 16. Rfd1 Rfd8 17. Bxf6 Bxf6 18. Nd5 Bg5 19. Nxg5 hxg5 20. Nc3 Qb4 21.
Qh5 Be8 22. Qxg5 Qe7 23. Qg3 Qf6 24. Nd5 Qh6 25. Rc4 Na5 26. Rh4 Qd6 27. Rg4
Qh6 28. Ne7+ Kf8 29. Rxd8 Rxd8 30. Nf5 Qf6 31. Nxg7 Nxb3 32. axb3 Rd1+ 33. Kh2
Rd2 34. Nh5 Qxf2 35. Qxe5 Bd7 36. Rg8+ 1-0

[Event "4NCL/Div3/SLOS3 vs. MIN"]
[Site "Coventry ENG"]
[Date "2007.01.14"]
[Round "6.4"]
[White "Edwards, Ray B"]
[Black "Edgell, Ben P"]
[Result "0-1"]
[WhiteElo "2131"]
[BlackElo "2043"]
[PlyCount "108"]
[EventDate "2007.01.14"]
[EventType "team"]
[EventRounds "11"]
[EventCountry "ENG"]
[WhiteTeam "Mind Sports"]
[BlackTeam "Slough Sharks 3"]

1. d4 Nf6 2. c4 e6 3. Nc3 Bb4 4. Bg5 h6 5. Bh4 b6 6. Nf3 Bb7 7. Nd2 O-O 8. f3
d5 9. e3 Nbd7 10. Bd3 c5 11. a3 cxd4 12. axb4 dxc3 13. bxc3 Ne5 14. Be2 Nxc4
15. Nxc4 dxc4 16. Qxd8 Rfxd8 17. e4 Rd7 18. Bf2 Nh5 19. O-O Rc7 20. Rfd1 Nf4
21. Bf1 Kh7 22. b5 e5 23. Ra4 Ne6 24. Bxc4 Rd8 25. Bd5 Bxd5 26. exd5 Nf4 27. c4
Ne2+ 28. Kf1 Nc3 29. Rda1 Nxa4 30. Rxa4 f5 31. Ke2 Rdc8 32. Kd3 Kg6 33. c5 bxc5
34. Kc4 Kf7 35. d6 Rd7 36. Bxc5 Ke6 37. Ra6 g5 38. Rc6 Rb8 39. Kb4 Rdb7 40. Rc7
Rxb5+ 41. Kc4 R5b7 42. Bxa7 Rxc7+ 43. dxc7 Rc8 44. Bb6 Kd7 45. Kd3 Rxc7 46.
Bxc7 Kxc7 47. g4 fxg4 48. fxg4 Kd6 49. Ke4 Ke6 50. Kd3 Kd5 51. Ke3 e4 52. Ke2
Kd4 53. Kd2 e3+ 54. Ke2 Ke4 0-1

[Event "4NCL/Div3/SLOS3 vs. MIN"]
[Site "Coventry ENG"]
[Date "2007.01.14"]
[Round "6.6"]
[White "Parker, Robert"]
[Black "Mitchell, Stephen R"]
[Result "1/2-1/2"]
[WhiteElo "2097"]
[BlackElo "1985"]
[PlyCount "31"]
[EventDate "2007.01.14"]
[EventType "team"]
[EventRounds "11"]
[EventCountry "ENG"]
[WhiteTeam "Mind Sports"]
[BlackTeam "Slough Sharks 3"]

1. d4 f5 2. Nf3 Nf6 3. g3 d6 4. Bg2 g6 5. O-O Bg7 6. c3 e6 7. Qb3 Qe7 8. Bg5
O-O 9. Nbd2 h6 10. Bxf6 Qxf6 11. Rae1 Nc6 12. e4 f4 13. e5 Qf7 14. exd6 cxd6
15. Nc4 Rd8 16. Qa3 1/2-1/2

[Event "4NCL/Div3/SLOS3 vs. MIN"]
[Site "Coventry ENG"]
[Date "2007.01.14"]
[Round "6.7"]
[White "Willis, Rupert"]
[Black "Twitchell, Neville H"]
[Result "1-0"]
[WhiteElo "1870"]
[BlackElo "1978"]
[PlyCount "61"]
[EventDate "2007.01.14"]
[EventType "team"]
[EventRounds "11"]
[EventCountry "ENG"]
[WhiteTeam "Slough Sharks 3"]
[BlackTeam "Mind Sports"]

1. c4 b6 2. Nc3 Bb7 3. e4 e6 4. Nf3 Bb4 5. Bd3 Na6 6. Qe2 Ne7 7. Bc2 O-O 8. O-O
f5 9. d4 Qe8 10. Bd2 Qh5 11. Rae1 Rae8 12. a3 Bxc3 13. Bxc3 c5 14. Nd2 Qf7 15.
b4 cxd4 16. Bxd4 fxe4 17. Bxe4 Bxe4 18. Nxe4 Nf5 19. Be5 Qg6 20. Rd1 d5 21. Nd6
Rd8 22. Nxf5 Qxf5 23. f4 Nb8 24. cxd5 exd5 25. b5 Rfe8 26. Qb2 Qf7 27. Rf3 Nd7
28. Bxg7 Re6 29. f5 Re4 30. Rg3 Rde8 31. Bh6+ 1-0

[Event "4NCL/Div3/SLOS3 vs. MIN"]
[Site "Coventry ENG"]
[Date "2007.01.14"]
[Round "6.8"]
[White "Robson, Caroline"]
[Black "Oliver, Shannon"]
[Result "0-1"]
[WhiteElo "1765"]
[BlackElo "1929"]
[PlyCount "118"]
[EventDate "2007.01.14"]
[EventType "team"]
[EventRounds "11"]
[EventCountry "ENG"]
[WhiteTeam "Mind Sports"]
[BlackTeam "Slough Sharks 3"]

1. e4 c5 2. Nf3 d6 3. d4 cxd4 4. Nxd4 Nf6 5. Nc3 g6 6. Be3 Bg7 7. f3 O-O 8. Qd2
Nc6 9. Bc4 Bd7 10. O-O-O Rb8 11. h4 Na5 12. Bb3 b5 13. h5 Nc4 14. Bxc4 bxc4 15.
Kb1 Qb6 16. Qc1 Qa5 17. Ka1 Rb7 18. Qd2 Rfb8 19. Rb1 Nxh5 20. g4 Nf6 21. Bh6
Bxh6 22. Qxh6 Rxb2 23. Rxb2 Qxc3 24. Qc1 Rxb2 25. Qxb2 Qxb2+ 26. Kxb2 e5 27.
Ne2 Be6 28. Rd1 d5 29. g5 Nd7 30. exd5 Bh3 31. Ng1 Bf5 32. Ne2 Kg7 33. Kc3 f6
34. Ng3 fxg5 35. Nxf5+ gxf5 36. Kxc4 h5 37. d6 g4 38. fxg4 hxg4 39. Kd5 Kf6 40.
c4 Nb6+ 41. Kc6 Ke6 42. c5 Nd7 43. Rh1 g3 44. Rh6+ Kf7 45. Rh7+ Kf6 46. Rxd7 g2
47. Rxa7 g1=Q 48. d7 Ke7 49. Rc7 Qg2+ 50. Kb6 Qb2+ 51. Ka7 Qxa2+ 52. Kb8 Qa6
53. Rb7 e4 54. Kc8 Qa8+ 55. Kc7 Qd8+ 56. Kc6 e3 57. Kd5 Qxd7+ 58. Rxd7+ Kxd7
59. Kd4 e2 0-1

[Event "4NCL/Div3/CHEDP vs. MIN"]
[Site "Wokefield Park ENG"]
[Date "2007.03.03"]
[Round "7.1"]
[White "Bellin, Robert"]
[Black "Rizouk, Ryad"]
[Result "1-0"]
[WhiteElo "2381"]
[BlackElo "2359"]
[PlyCount "45"]
[EventDate "2007.03.03"]

1. d4 Nf6 2. Nf3 e6 3. e3 b6 4. Bd3 Bb7 5. O-O c5 6. c4 Be7 7. Nc3 cxd4 8. exd4
d5 9. cxd5 Nxd5 10. Ne5 O-O 11. Qf3 Nd7 12. Qh3 N5f6 13. Re1 a6 14. Bg5 h5 15.
Re3 Ra7 16. Rae1 Ba8 17. Rg3 Bb4 18. Bh6 g6 19. Nxg6 fxg6 20. Rxg6+ Kh8 21.
Bg7+ Kh7 22. Rxf6+ Kxg7 23. Rg6+ 1-0

[Event "4NCL/Div3/CHEDP vs. MIN"]
[Site "Wokefield Park ENG"]
[Date "2007.03.03"]
[Round "7.2"]
[White "Hardman, Michael J"]
[Black "Wallace, Paul A"]
[Result "1/2-1/2"]
[WhiteElo "2133"]
[BlackElo "2274"]
[PlyCount "69"]
[EventDate "2007.03.03"]

1. e4 e5 2. Bc4 Nf6 3. d3 Nc6 4. Nc3 Na5 5. Nf3 Nxc4 6. dxc4 Bb4 7. Qd3 d6 8.
Bd2 Bxc3 9. Bxc3 O-O 10. O-O-O Qe8 11. Nh4 Qc6 12. f3 Be6 13. b3 a6 14. g4 b5
15. Nf5 Bxf5 16. gxf5 bxc4 17. Qxc4 Qxc4 18. bxc4 Nd7 19. Rhg1 f6 20. Ba5 Ra7
21. Bd2 Rb7 22. Be3 Rfb8 23. Kd2 Nb6 24. Bxb6 Rxb6 25. c5 dxc5 26. Kc3 Rd6 27.
Rb1 Rbb6 28. Rgd1 Rd4 29. Rg1 Kf7 30. Rb3 Rbb4 31. Ra3 Rdc4+ 32. Kd3 Rd4+ 33.
Kc3 Rbc4+ 34. Kb3 Rb4+ 35. Kc3 1/2-1/2

[Event "4NCL/Div3/CHEDP vs. MIN"]
[Site "Wokefield Park ENG"]
[Date "2007.03.03"]
[Round "7.3"]
[White "Harman, Kenneth B"]
[Black "James, Stephen B"]
[Result "1/2-1/2"]
[WhiteElo "2168"]
[BlackElo "2053"]
[PlyCount "81"]
[EventDate "2007.03.03"]

1. d4 Nf6 2. c4 g6 3. Nf3 Bg7 4. g3 O-O 5. Bg2 d6 6. O-O Nbd7 7. Nc3 e5 8. e4
a6 9. h3 b5 10. dxe5 dxe5 11. Be3 bxc4 12. Nd2 Nb6 13. Bxb6 cxb6 14. Nxc4 Qc7
15. Ne3 Be6 16. Ncd5 Qb7 17. Qb3 Rab8 18. Rfd1 Rfd8 19. Rac1 Kh8 20. a4 Ng8 21.
Nc4 Ne7 22. Nce3 Nc6 23. Kh2 Nd4 24. Qd3 Rbc8 25. Rxc8 Rxc8 26. Nc4 Rc6 27. f4
f6 28. Rf1 Qb8 29. f5 Bg8 30. fxg6 hxg6 31. Nce3 b5 32. Ng4 Qd8 33. axb5 axb5
34. Qa3 Rd6 35. Nde3 Bh7 36. Qc5 Bg8 37. Qa7 Rd7 38. Qa6 Rd6 39. Qa7 Rd7 40.
Qa6 Rd6 41. Qa7 1/2-1/2

[Event "4NCL/Div3/CHEDP vs. MIN"]
[Site "Wokefield Park ENG"]
[Date "2007.03.03"]
[Round "7.4"]
[White "Edwards, Ray B"]
[Black "Sharp, John R"]
[Result "0-1"]
[WhiteElo "2131"]
[BlackElo "2175"]
[PlyCount "66"]
[EventDate "2007.03.03"]

1. d4 e6 2. c4 f5 3. g3 Nf6 4. Bg2 d5 5. Nh3 c6 6. b3 Bb4+ 7. Bd2 Bd6 8. O-O
O-O 9. Qc2 Qe8 10. Bf4 Bxf4 11. Nxf4 g5 12. Nd3 Qh5 13. Nd2 Bd7 14. Nf3 Be8 15.
Nc5 Bf7 16. Nxb7 Nbd7 17. cxd5 cxd5 18. Nc5 Nxc5 19. Qxc5 f4 20. gxf4 gxf4 21.
Qd6 Qh6 22. Qe5 Ne4 23. Rac1 Be8 24. Qc7 Rf7 25. Qa5 Rg7 26. Rc7 Bd7 27. Ne1 f3
28. Nxf3 Rf8 29. Kh1 Qg6 30. Nh4 Qg5 31. f3 Qxh4 32. fxe4 Rxf1+ 33. Bxf1 Qxe4+
0-1

[Event "4NCL/Div3/CHEDP vs. MIN"]
[Site "Wokefield Park ENG"]
[Date "2007.03.03"]
[Round "7.5"]
[White "Gregory, Philip J"]
[Black "Almond, Richard"]
[Result "0-1"]
[WhiteElo "2122"]
[BlackElo "2109"]
[PlyCount "106"]
[EventDate "2007.03.03"]

1. e4 d5 2. exd5 Qxd5 3. Nc3 Qa5 4. d4 c6 5. Bc4 Bf5 6. Nf3 Nf6 7. O-O e6 8.
Ne5 Nbd7 9. Re1 Nxe5 10. dxe5 Nd5 11. Bd2 Nxc3 12. Bxc3 Bb4 13. Bxb4 Qxb4 14.
Bb3 Rd8 15. Qf3 O-O 16. c3 Qa5 17. Rad1 Rxd1 18. Qxd1 Rd8 19. Qe2 h6 20. f4 Bd3
21. Qf2 c5 22. a3 c4 23. Bc2 Bxc2 24. Qxc2 Qd5 25. Kf2 b5 26. Qe4 Qd2+ 27. Re2
Qc1 28. Qe3 Qh1 29. h3 Rd1 30. Re1 Rxe1 31. Qxe1 Qxe1+ 32. Kxe1 Kf8 33. Ke2 Ke7
34. Ke3 Kd7 35. Kd4 Kc6 36. g4 g6 37. a4 Kb6 38. axb5 Kxb5 39. Ke4 Ka4 40. Kd4
Kb3 41. Kc5 a5 42. Kd6 a4 43. Ke7 Kxb2 44. Kxf7 a3 45. f5 gxf5 46. gxf5 a2 47.
fxe6 a1=Q 48. e7 Qf1+ 49. Kg7 Qg2+ 50. Kf8 Qf3+ 51. Kg8 Qh5 52. Kf8 Qf5+ 53.
Kg8 Qxe5 0-1

[Event "4NCL/Div3/CHEDP vs. MIN"]
[Site "Wokefield Park ENG"]
[Date "2007.03.03"]
[Round "7.6"]
[White "Ackley, Peter"]
[Black "Bennett, Patrick"]
[Result "0-1"]
[WhiteElo "2115"]
[BlackElo "2147"]
[PlyCount "72"]
[EventDate "2007.03.03"]

1. d4 Nf6 2. c4 g6 3. Nc3 Bg7 4. e4 d6 5. Nf3 O-O 6. Be2 e5 7. d5 a5 8. Bg5 h6
9. Bh4 Na6 10. Nd2 Bd7 11. O-O Qc8 12. a3 Nh7 13. f3 h5 14. Rb1 Bh6 15. b4 Be3+
16. Kh1 axb4 17. axb4 Qb8 18. Qc2 Qa7 19. Nb5 Qb8 20. Qd3 Bb6 21. Bf2 Bxf2 22.
Rxf2 c6 23. Nc3 c5 24. bxc5 Nxc5 25. Qc2 Ra3 26. Nb3 Na4 27. Bd3 Qa7 28. Nd1
Rc8 29. Qd2 Nb6 30. Ne3 Ba4 31. Nc1 Nd7 32. Nc2 Bxc2 33. Qxc2 Nc5 34. Bf1 Nf6
35. Nb3 Nxb3 36. Rxb3 Rxb3 0-1

[Event "4NCL/Div3/CHEDP vs. MIN"]
[Site "Wokefield Park ENG"]
[Date "2007.03.03"]
[Round "7.7"]
[White "Hamblin, David J"]
[Black "Parker, Robert"]
[Result "1/2-1/2"]
[WhiteElo "2070"]
[BlackElo "2097"]
[PlyCount "30"]
[EventDate "2007.03.03"]

1. d4 Nf6 2. c4 e6 3. Nf3 b6 4. g3 Bb7 5. Bg2 Bb4+ 6. Bd2 Be7 7. O-O O-O 8. Nc3
d5 9. Ne5 Nbd7 10. Rc1 Nxe5 11. dxe5 Ne4 12. Nxe4 dxe4 13. Bc3 Qxd1 14. Rfxd1
Rad8 15. e3 a5 1/2-1/2

[Event "4NCL/Div3/CHEDP vs. MIN"]
[Site "Wokefield Park ENG"]
[Date "2007.03.03"]
[Round "7.8"]
[White "Chadwick, Susan E"]
[Black "Yu, Yangshan"]
[Result "1/2-1/2"]
[WhiteElo "1620"]
[BlackElo "1890"]
[PlyCount "113"]
[EventDate "2007.03.03"]

1. d4 d5 2. Nf3 Nf6 3. e3 e6 4. Bd3 Be7 5. Nbd2 O-O 6. O-O Nbd7 7. b3 c5 8. Bb2
Rb8 9. c4 b6 10. Ne5 Nxe5 11. dxe5 Ne8 12. f4 dxc4 13. Bxc4 b5 14. Be2 Qb6 15.
Rc1 Nc7 16. Ne4 Nd5 17. Rf3 Rd8 18. Qe1 Nb4 19. Nc3 Nd3 20. Bxd3 Rxd3 21. Rd1
Qd8 22. Rxd3 Qxd3 23. Rf1 a6 24. Qf2 Qd7 25. Rd1 Qc6 26. Qd2 Bb7 27. Qf2 Rd8
28. Rxd8+ Bxd8 29. Qd2 Be7 30. Kh1 h6 31. e4 b4 32. Ne2 Qxe4 33. Ng3 Qd5 34.
Qf2 Bh4 35. Qe2 Bxg3 36. hxg3 a5 37. Bc1 Qe4 38. Qxe4 Bxe4 39. Be3 Bb1 40. Bxc5
Bxa2 41. Bb6 Bxb3 42. Bxa5 h5 43. Bxb4 Kh7 44. Kh2 Kg6 45. Kh3 Bd5 46. Bf8 f6
47. exf6 gxf6 48. Bd6 Be4 49. Bc7 Bf5+ 50. Kh2 Bg4 51. Kg1 Kf5 52. Kf2 Ke4 53.
Bd6 e5 54. fxe5 fxe5 55. Bc7 Kd4 56. Bb8 e4 57. Bf4 1/2-1/2

[Event "4NCL/Div3/NWE2 vs. GUI4"]
[Site "Wokefield Park ENG"]
[Date "2007.03.03"]
[Round "7.2"]
[White "Singleton, Michael"]
[Black "Hulmes, David I"]
[Result "0-1"]
[WhiteElo "2172"]
[BlackElo "2212"]
[PlyCount "66"]
[EventDate "2007.03.03"]

1. d4 d5 2. c4 e6 3. Nf3 Nf6 4. Nc3 Be7 5. Bg5 h6 6. Bxf6 Bxf6 7. e4 dxe4 8.
Nxe4 Nc6 9. d5 Ne5 10. Be2 O-O 11. O-O exd5 12. cxd5 Nxf3+ 13. Bxf3 Bxb2 14.
Rb1 Be5 15. Re1 Rb8 16. Qa4 a6 17. Qa3 Bf5 18. Rbd1 Re8 19. h3 Bd6 20. Qc3 Re7
21. Nxd6 cxd6 22. Rxe7 Qxe7 23. Re1 Qd7 24. Qe3 b5 25. Kh2 b4 26. g4 Bg6 27. g5
hxg5 28. Qxg5 Qf5 29. Qg3 Qf6 30. Re3 Bb1 31. a3 b3 32. Bh5 b2 33. Rf3 Bf5 0-1

[Event "4NCL/Div3/NWE2 vs. GUI4"]
[Site "Wokefield Park ENG"]
[Date "2007.03.03"]
[Round "7.3"]
[White "Lyell, Mark"]
[Black "Dekker, Alain"]
[Result "1-0"]
[WhiteElo "2212"]
[BlackElo "2144"]
[PlyCount "81"]
[EventDate "2007.03.03"]

1. e4 c5 2. c3 d5 3. exd5 Qxd5 4. d4 Nf6 5. Nf3 Bg4 6. dxc5 Qxc5 7. Na3 e6 8.
Qa4+ Nbd7 9. Be3 Qc7 10. Nb5 Qc6 11. Nfd4 Qc8 12. Bf4 e5 13. Bxe5 Qc5 14. Nc7+
Kd8 15. Bxf6+ Kxc7 16. Nb5+ Kc8 17. Qxg4 gxf6 18. Rd1 Qe5+ 19. Be2 Qe6 20. O-O
f5 21. Qc4+ Qxc4 22. Bxc4 Ne5 23. Rfe1 Bg7 24. Bd3 f4 25. Bf5+ Kb8 26. Rd5 a6
27. Nd6 f6 28. Be4 Kc7 29. Nxb7 Rab8 30. Nc5 Rb6 31. b4 Re8 32. Red1 Bf8 33. a4
a5 34. b5 f5 35. Bxf5 Rf6 36. Bxh7 f3 37. Be4 fxg2 38. Bxg2 Kb6 39. Rxe5 Bxc5
40. Rxe8 Rxf2 41. Kh1 1-0

[Event "4NCL/Div3/NWE2 vs. GUI4"]
[Site "Wokefield Park ENG"]
[Date "2007.03.03"]
[Round "7.4"]
[White "Sen, Subin"]
[Black "Spence, David"]
[Result "0-1"]
[WhiteElo "2026"]
[BlackElo "2166"]
[PlyCount "86"]
[EventDate "2007.03.03"]

1. Nf3 d5 2. d4 Nf6 3. c4 c6 4. Qc2 a6 5. c5 Bg4 6. Nbd2 g6 7. e3 Bg7 8. Bd3
O-O 9. Ne5 Bc8 10. f4 Nfd7 11. Nef3 b6 12. Nb3 a5 13. a4 bxc5 14. Nxc5 Nxc5 15.
Qxc5 Ba6 16. Qc2 Qb6 17. O-O Rc8 18. Bd2 c5 19. Bc3 cxd4 20. Nxd4 Bxd4 21. exd4
e6 22. Qd2 Bxd3 23. Qxd3 Nc6 24. Kh1 Ne7 25. g4 f5 26. g5 Re8 27. Rfe1 Nc8 28.
Qb5 Qd8 29. Re2 Nd6 30. Qd3 Ne4 31. Kg2 Qb6 32. Ra3 Rec8 33. Kf3 Rc4 34. h4
Rac8 35. Rh2 Qc7 36. Rc2 Qc6 37. Re2 Qa6 38. Re3 Qb6 39. Re2 Kf7 40. Re3 Nxc3
41. Rxc3 Qxb2 42. Rb3 Qh2 43. Rb7+ Kg8 0-1

[Event "4NCL/Div3/NWE2 vs. GUI4"]
[Site "Wokefield Park ENG"]
[Date "2007.03.03"]
[Round "7.5"]
[White "Savory, Richard"]
[Black "Roset, Christophe"]
[Result "1-0"]
[WhiteElo "2119"]
[BlackElo "2078"]
[PlyCount "109"]
[EventDate "2007.03.03"]

1. e4 e5 2. Nf3 Nc6 3. d4 exd4 4. Nxd4 Bc5 5. Be3 Qf6 6. c3 Nge7 7. f4 d5 8. e5
Nxe5 9. fxe5 Qxe5 10. Qe2 Bg4 11. Qxg4 Qxe3+ 12. Kd1 Bxd4 13. Qxd4 Qxd4+ 14.
cxd4 Nf5 15. Nc3 Nxd4 16. Bd3 c6 17. Re1+ Kd7 18. Ne2 Nxe2 19. Rxe2 Rae8 20.
Kd2 Rxe2+ 21. Bxe2 Re8 22. Rf1 Re7 23. Rf3 Kd6 24. Rh3 h6 25. Rg3 g6 26. Ra3 b6
27. g4 g5 28. Rf3 Ke6 29. Rh3 Ke5 30. Rxh6 Re6 31. Rh7 Re7 32. Bd3 c5 33. Bg6
Kf6 34. Bf5 Ke5 35. Bg6 Kf6 36. Bf5 Ke5 37. h4 gxh4 38. Rxh4 f6 39. Rh3 d4 40.
Rh8 Rc7 41. Re8+ Kf4 42. Re6 Kg5 43. Kd3 Rf7 44. Kc4 Rf8 45. Re7 Ra8 46. Rf7 a6
47. Rb7 b5+ 48. Kxc5 Rd8 49. Rd7 Rxd7 50. Bxd7 d3 51. Bf5 d2 52. Bc2 Kxg4 53.
Kd4 f5 54. Ke3 Kg3 55. Kxd2 1-0

[Event "4NCL/Div3/NWE2 vs. GUI4"]
[Site "Wokefield Park ENG"]
[Date "2007.03.03"]
[Round "7.6"]
[White "Smart, Michael R"]
[Black "Connor, Stephen J"]
[Result "1-0"]
[WhiteElo "1978"]
[BlackElo "2130"]
[PlyCount "122"]
[EventDate "2007.03.03"]

1. e4 c5 2. Nf3 d6 3. d4 cxd4 4. Nxd4 Nf6 5. Nc3 e6 6. Bg5 Be7 7. f4 Nc6 8.
Nxc6 bxc6 9. Qd4 O-O 10. O-O-O Qa5 11. Bd3 e5 12. Qa4 Qb6 13. Rde1 h6 14. fxe5
hxg5 15. exf6 Bxf6 16. e5 Bxe5 17. Rxe5 dxe5 18. Qe4 g6 19. Qxe5 Bf5 20. Bxf5
gxf5 21. Qxf5 Qe3+ 22. Kb1 Rae8 23. a3 Re5 24. Qf6 Re6 25. Qf5 Rfe8 26. Rf1
R8e7 27. h4 Qe5 28. Qg4 Rg6 29. hxg5 Qxg5 30. Qc8+ Kg7 31. Rd1 Qg4 32. Qd8 Rge6
33. Rd3 Re3 34. Rd4 Qe6 35. Rh4 Re1+ 36. Nd1 Re8 37. Qd4+ Qe5 38. Qg4+ Kf8 39.
Rh5 Qf6 40. Qb4+ R1e7 41. Ne3 Qg6 42. Qc5 f6 43. g4 Kg8 44. Nf5 Re1+ 45. Ka2
Qf7+ 46. b3 Qd7 47. Nh6+ Kg7 48. Nf5+ Kg8 49. Nh6+ Kg7 50. g5 Ra1+ 51. Kb2 Rb1+
52. Kc3 f5 53. Nxf5+ Kg6 54. Ng3 Qg7+ 55. Kb4 Qb7+ 56. Ka5 Qc7+ 57. Ka6 Qc8+
58. Ka5 Qc7+ 59. Ka4 Qxg3 60. Rh6+ Kg7 61. Qxa7+ Kg8 1-0

[Event "4NCL/Div3/NWE2 vs. GUI4"]
[Site "Wokefield Park ENG"]
[Date "2007.03.03"]
[Round "7.7"]
[White "Milligan, Helen"]
[Black "Gibbs, Daniel"]
[Result "1/2-1/2"]
[WhiteElo "2041"]
[BlackElo "1985"]
[PlyCount "44"]
[EventDate "2007.03.03"]

1. e4 g6 2. d4 Bg7 3. Nc3 d6 4. f4 Nf6 5. Nf3 O-O 6. Be3 e6 7. Qd2 a6 8. O-O-O
b5 9. a3 Nc6 10. h3 Ne7 11. Qf2 b4 12. axb4 Nc6 13. e5 Nd5 14. Nxd5 exd5 15. c3
Rb8 16. g4 a5 17. b5 Na7 18. Bd3 f6 19. Rhf1 Nxb5 20. Qc2 a4 21. Kd2 c5 22.
dxc5 dxe5 1/2-1/2

[Event "4NCL/Div3/NWE2 vs. GUI4"]
[Site "Wokefield Park ENG"]
[Date "2007.03.03"]
[Round "7.8"]
[White "Kokossis, Danae"]
[Black "Morrison, Lynne"]
[Result "1/2-1/2"]
[WhiteElo "1595"]
[BlackElo "1966"]
[PlyCount "99"]
[EventDate "2007.03.03"]

1. e4 c5 2. Nf3 d6 3. d4 cxd4 4. Nxd4 Nf6 5. Nc3 e6 6. Be3 Be7 7. f4 a6 8. Be2
Qc7 9. O-O Nc6 10. Bf3 O-O 11. Qd2 Bd7 12. g4 Nxd4 13. Qxd4 e5 14. Qd1 exf4 15.
Bxf4 Qb6+ 16. Kg2 Qxb2 17. Bd2 Bc6 18. Rb1 Qa3 19. h4 Rfe8 20. g5 Nd7 21. h5
Bxg5 22. Bxg5 Qxc3 23. Qd3 Qxd3 24. cxd3 Ne5 25. Be2 Bb5 26. Rb3 Rac8 27. a4
Bxa4 28. Rxb7 f6 29. Be3 Rc2 30. Rf2 Bb5 31. Rb6 Nxd3 32. Bxd3 Rxf2+ 33. Kxf2
Bxd3 34. Rxd6 Bxe4 35. Rxa6 Kf7 36. h6 gxh6 37. Bxh6 Re6 38. Ra7+ Kg6 39. Be3
h5 40. Ra1 Bf5 41. Rh1 Rc6 42. Kg3 Rc4 43. Rh4 Rg4+ 44. Rxg4+ hxg4 45. Bf4 Bd7
46. Bd2 f5 47. Bf4 Kf6 48. Bd2 Ke5 49. Bf4+ Ke4 50. Bc1 1/2-1/2

[Event "4NCL/Div3/FCA1 vs. SLOS3"]
[Site "Wokefield Park ENG"]
[Date "2007.03.03"]
[Round "7.2"]
[White "Ruston, Mark R"]
[Black "Tippleston, Charles"]
[Result "1-0"]
[WhiteElo "2112"]
[BlackElo "2192"]
[PlyCount "71"]
[EventDate "2007.03.03"]

1. e4 c5 2. Nc3 Nc6 3. g3 g6 4. Bg2 Bg7 5. d3 e6 6. Be3 d6 7. Qd2 Nd4 8. Nd1 e5
9. c3 Nc6 10. Ne2 h5 11. d4 cxd4 12. cxd4 Nge7 13. d5 Nb8 14. Rc1 Na6 15. b4
Bd7 16. Nb2 b5 17. h4 O-O 18. O-O f5 19. f4 fxe4 20. Bxe4 Nf5 21. Bf2 Re8 22.
fxe5 Rxe5 23. Bg2 Kh7 24. Nd3 Re7 25. Ndf4 Bh6 26. Nd4 Nxd4 27. Bxd4 Rf7 28.
Be3 Qe7 29. Ne6 Bxe3+ 30. Qxe3 Rxf1+ 31. Rxf1 Kg8 32. Qh6 Bxe6 33. Qxg6+ Qg7
34. Qxe6+ Kh8 35. Rf6 Kh7 36. Be4+ 1-0